Ninjago Quiz (Season 1 & 2) - Statistics

General Stats
  • This quiz has been taken 679 times
  • The average score is 8 of 10
Answer Stats
Question Answer % Correct
Which ninja has a falcon as a friend? Zane
97%
Who is Samurai X? Nya
96%
Who serves as the villainous faction in the 1st season? Serpentine
90%
Who/what does the main antagonist of the 1st season want to summon? Great Devourer
87%
Who/what does the main antagonist of the 2nd season want to summon? The Overlord
86%
Who is the main antagonist of the 2nd season? Lord Garmadon
83%
Who is the main antagonist of the 1st season? Pythor
83%
This season reveals multiple things about the ninja. Choose the one that is FALSE. Jay grew up with his grandparents.
80%
Who serves as the villainous faction in the 2nd season? Stone Army
76%
How many episodes do the golden weapons appear in? (Out of the 13 episodes) Every episode
46%
No matching quizzes found
Score Distribution
Percent of People with Each Score
Percentile by Number Answered
Your Score History
You have not taken this quiz